[Event "Konventum Weekend 2021"]
[Site "Elsinore"]
[Date "2021.07.24"]
[Round "2"]
[White "Grubert, Christian"]
[Black "Vasli, Aref"]
[Result "0-1"]
[WhiteElo "2130"]
[BlackElo "2400"]
[PlyCount "60"]
[EventDate "2021.07.23"]
[EventType "swiss"]
[EventRounds "5"]
[EventCountry "DEN"]

1. e4 e5 2. Nf3 Nc6 3. Bb5 a6 4. Ba4 Nf6 5. O-O Be7 6. Re1 b5 7. Bb3 d6 8. c3
O-O 9. d3 Na5 10. Bc2 c5 11. h3 Re8 12. Nbd2 Bf8 13. Nf1 h6 14. Ne3 Bb7 15. Qe2
d5 16. Nf5 Qc7 17. g4 c4 18. dxc4 dxe4 19. Nd2 g6 20. Ng3 e3 21. Qxe3 Bc5 22.
Qxh6 e4 23. Ndf1 Nxc4 24. Qf4 Qc6 25. Ne3 Ne5 26. Re2 Nf3+ 27. Kf1 g5 28. Qf5
Re5 29. Nxe4 Nxe4 30. Bxe4 Qxe4 0-1

[Event "Konventum Weekend 2021"]
[Site "Elsinore"]
[Date "2021.07.24"]
[Round "2"]
[White "Olsen, Michael Richard W"]
[Black "Bach, Matthias"]
[Result "0-1"]
[WhiteElo "2107"]
[BlackElo "2277"]
[PlyCount "52"]
[EventDate "2021.07.23"]
[EventType "swiss"]
[EventRounds "5"]
[EventCountry "DEN"]

1. e4 e5 2. Nf3 Nc6 3. d4 exd4 4. Nxd4 Nf6 5. Nxc6 bxc6 6. Bd3 d5 7. exd5 cxd5
8. O-O Be7 9. Bb5+ Bd7 10. Bxd7+ Qxd7 11. Qf3 O-O 12. Nc3 Rab8 13. Rb1 c6 14.
Rd1 Bd6 15. h3 Rfe8 16. Bg5 Re6 17. Bf4 Rb4 18. Bxd6 Qxd6 19. g3 Ne4 20. Nxe4
Rbxe4 21. Rd2 Qe5 22. Kg2 h5 23. h4 Rg6 24. b4 Rxh4 25. b5 Qe6 26. Rh1 Rxh1 0-1

[Event "Konventum Weekend 2021"]
[Site "Elsinore"]
[Date "2021.07.24"]
[Round "2"]
[White "Hoiberg, Nina"]
[Black "Guindy, Esmat Susanne"]
[Result "1/2-1/2"]
[WhiteElo "2165"]
[BlackElo "2100"]
[PlyCount "84"]
[EventDate "2021.07.23"]
[EventType "swiss"]
[EventRounds "5"]
[EventCountry "DEN"]

1. e4 e6 2. Nf3 d5 3. e5 c5 4. b4 d4 5. bxc5 Bxc5 6. Bd3 Nc6 7. O-O Nge7 8. Ba3
Qa5 9. Bxc5 Qxc5 10. Qe2 Nd5 11. a4 Nf4 12. Qe4 Nxd3 13. cxd3 O-O 14. Na3 Rd8
15. Rfc1 Qd5 16. Qxd5 Rxd5 17. Nb5 Rb8 18. Rc4 a6 19. Nc7 Ra5 20. Ne8 Bd7 21.
Nd6 Nxe5 22. Nxe5 Rxe5 23. Rc7 Bc6 24. Kf1 Rd5 25. Nxb7 Bxb7 26. Rb1 Kf8 27.
Rbxb7 Rxb7 28. Rxb7 Ra5 29. Rb4 e5 30. Ke2 Ke7 31. f4 Ke6 32. Kf3 f5 33. g4
fxg4+ 34. Kxg4 g6 35. Rb6+ Kd5 36. fxe5 Kxe5 37. Rb4 Rd5 38. Rb7 h6 39. Rh7 Ra5
40. Rxh6 Kf6 41. Rh8 Rxa4 42. Kf4 Ra2 1/2-1/2

[Event "Konventum Weekend 2021"]
[Site "Elsinore"]
[Date "2021.07.24"]
[Round "2"]
[White "Skjoldager, Per"]
[Black "Hansen, Lars"]
[Result "0-1"]
[WhiteElo "2103"]
[BlackElo "2159"]
[PlyCount "72"]
[EventDate "2021.07.23"]
[EventType "swiss"]
[EventRounds "5"]
[EventCountry "DEN"]

1. e4 c5 2. c3 Nf6 3. d3 e6 4. f4 d5 5. e5 Nfd7 6. Nf3 Nc6 7. Be2 f6 8. d4 Qb6
9. a3 Be7 10. b4 cxd4 11. cxd4 fxe5 12. fxe5 O-O 13. Nc3 Rxf3 14. Bxf3 Qxd4 15.
Qxd4 Nxd4 16. Bd1 Nxe5 17. O-O Bf6 18. Ra2 Bd7 19. Ne2 Nc4 20. Kh1 Nf5 21. Bb3
Rc8 22. Rc2 Nfd6 23. Nf4 Bd4 24. Re2 Ne4 25. Nd3 b5 26. Rf4 h6 27. Rfxe4 dxe4
28. Rxe4 Rf8 29. h3 Rf1+ 30. Kh2 Bb6 31. Bf4 g5 32. Bb8 Rf8 33. Bg3 Nd2 34. Bb8
Nc4 35. Be5 Nd2 36. Bb8 Nc4 0-1

[Event "Konventum Weekend 2021"]
[Site "Elsinore"]
[Date "2021.07.24"]
[Round "2"]
[White "Petersen, Peter Birk"]
[Black "Bergner, Philipp"]
[Result "1-0"]
[WhiteElo "2141"]
[BlackElo "2083"]
[PlyCount "55"]
[EventDate "2021.07.23"]
[EventType "swiss"]
[EventRounds "5"]
[EventCountry "DEN"]

1. e4 c5 2. Nf3 e6 3. d4 cxd4 4. Nxd4 a6 5. Bd3 g6 6. Nc3 Bg7 7. Be3 Ne7 8. Be2
d5 9. exd5 Nxd5 10. Nxd5 Qxd5 11. O-O O-O 12. c3 Rd8 13. Bf3 Qd6 14. Qb3 e5 15.
Nc2 Nc6 16. Rfd1 Qe7 17. Qb6 Rxd1+ 18. Rxd1 e4 19. Bc5 Qh4 20. g3 Qf6 21. Bxe4
Bf5 22. Bxf5 Qxf5 23. Ne3 Qc8 24. Nd5 Qg4 25. Ne3 Qe2 26. Qxb7 Re8 27. Qxc6
Rxe3 28. Rd8+ 1-0

[Event "Konventum Weekend 2021"]
[Site "Elsinore"]
[Date "2021.07.24"]
[Round "2"]
[White "Olsen, Claus"]
[Black "Jorgensen, Dennis"]
[Result "1/2-1/2"]
[WhiteElo "2054"]
[BlackElo "2132"]
[PlyCount "71"]
[EventDate "2021.07.23"]
[EventType "swiss"]
[EventRounds "5"]
[EventCountry "DEN"]

1. e4 c6 2. d4 d5 3. Nc3 dxe4 4. Nxe4 Nf6 5. Nxf6+ exf6 6. Bc4 Bd6 7. Qe2+ Be7
8. Be3 O-O 9. h3 Nd7 10. Nf3 Nb6 11. Bb3 a5 12. c3 a4 13. Bc2 Be6 14. O-O Re8
15. Qd3 g6 16. Rfe1 Bc4 17. Qd1 Bf8 18. b3 axb3 19. axb3 Bd5 20. Rxa8 Nxa8 21.
c4 Be6 22. Qd2 Nc7 23. Ra1 Na6 24. Ne1 Qd7 25. Nd3 Bf5 26. Nf4 Bb4 27. Bxf5
Qxf5 28. Qd3 Qd7 29. d5 Bd6 30. dxc6 Qxc6 31. Nd5 Be5 32. Re1 Nc7 33. Nxc7 Qxc7
34. Rd1 h5 35. Qd7 Qb8 36. Bb6 1/2-1/2

[Event "Konventum Weekend 2021"]
[Site "Elsinore"]
[Date "2021.07.24"]
[Round "3"]
[White "Hector, Jonny"]
[Black "Borge, Nikolaj"]
[Result "1/2-1/2"]
[WhiteElo "2479"]
[BlackElo "2357"]
[PlyCount "119"]
[EventDate "2021.07.23"]
[EventType "swiss"]
[EventRounds "5"]
[EventCountry "DEN"]

1. e4 c5 2. Nf3 Nc6 3. Nc3 e6 4. d4 cxd4 5. Nxd4 Nf6 6. Nxc6 bxc6 7. Bd3 d5 8.
Qe2 Be7 9. O-O O-O 10. b3 Nd7 11. Na4 Bf6 12. Rb1 e5 13. c4 Nb6 14. Nxb6 axb6
15. cxd5 cxd5 16. exd5 Qxd5 17. Be4 Rxa2 18. Qxa2 Qxe4 19. Ba3 Re8 20. f3 Qa8
21. Ra1 Be6 22. Qf2 Qd5 23. Qxb6 e4 24. Rad1 Qxb3 25. Qxb3 Bxb3 26. Rb1 Ba2 27.
Rb4 exf3 28. gxf3 Be6 29. Rfb1 g5 30. Kf2 Kg7 31. h4 h6 32. h5 Bf5 33. R1b3 Rd8
34. Ke2 Rc8 35. Rb8 Rc2+ 36. Ke3 Be6 37. Bf8+ Kh7 38. R3b6 Be5 39. Re8 Bh2 40.
Rbxe6 fxe6 41. Rxe6 Bf4+ 42. Kd3 Rd2+ 43. Kc4 Rf2 44. Rxh6+ Kg8 45. Bc5 Rxf3
46. Bd4 Be3 47. Bc3 g4 48. Rh8+ Kf7 49. Kd5 Bh6 50. Be5 Rd3+ 51. Kc4 Re3 52.
Bd4 Re6 53. Kd5 Ra6 54. Rh7+ Kg8 55. Rh8+ Kf7 56. Ke4 Bf8 57. Rh7+ Kg8 58. Rh8+
Kf7 59. Rh7+ Kg8 60. Rh8+ 1/2-1/2

[Event "Konventum Weekend 2021"]
[Site "Elsinore"]
[Date "2021.07.24"]
[Round "3"]
[White "Fries Nielsen, Jens Ove"]
[Black "Brorsen, Jacob Abildlund"]
[Result "1/2-1/2"]
[WhiteElo "2359"]
[BlackElo "2147"]
[PlyCount "21"]
[EventDate "2021.07.23"]
[EventType "swiss"]
[EventRounds "5"]
[EventCountry "DEN"]

1. d4 d5 2. Nc3 Nf6 3. Bf4 c5 4. e3 cxd4 5. exd4 a6 6. h3 e6 7. a3 Nc6 8. Nf3
Bd6 9. Bxd6 Qxd6 10. Bd3 O-O 11. O-O 1/2-1/2

[Event "Konventum Weekend 2021"]
[Site "Elsinore"]
[Date "2021.07.24"]
[Round "3"]
[White "Kistrup, Nicolai"]
[Black "Haubro, Martin"]
[Result "0-1"]
[WhiteElo "2232"]
[BlackElo "2407"]
[PlyCount "72"]
[EventDate "2021.07.23"]
[EventType "swiss"]
[EventRounds "5"]
[EventCountry "DEN"]

1. d4 d5 2. c4 e6 3. Nf3 a6 4. Bg5 f6 5. Bh4 dxc4 6. e4 b5 7. Ne5 g6 8. Nc3 Be7
9. Nf3 Bb7 10. Qc2 g5 11. Bg3 g4 12. Nd2 Qxd4 13. Rd1 Qb6 14. b3 cxb3 15. Qxb3
Nd7 16. a4 Nc5 17. Qc2 c6 18. Rb1 e5 19. Be2 h5 20. h3 gxh3 21. Rxh3 Rd8 22.
Bxh5+ Kf8 23. Qa2 Nh6 24. Bg6 Kg7 25. Bh5 Bc8 26. Rh4 Be6 27. Qc2 Nf7 28. Qd1
Ng5 29. Kf1 Qa5 30. Qc2 Nxa4 31. Nxa4 Qxd2 32. Qxd2 Rxd2 33. Nc3 b4 34. Ne2 Ba2
35. Re1 b3 36. Nc3 Bb4 0-1

[Event "Konventum Weekend 2021"]
[Site "Elsinore"]
[Date "2021.07.24"]
[Round "3"]
[White "Liu, Casper Yukun"]
[Black "Hagen, Andreas Skytte"]
[Result "0-1"]
[WhiteElo "2107"]
[BlackElo "2370"]
[PlyCount "74"]
[EventDate "2021.07.23"]
[EventType "swiss"]
[EventRounds "5"]
[EventCountry "DEN"]

1. d4 Nf6 2. Bf4 g6 3. Nc3 d5 4. e3 Bg7 5. h4 h5 6. Nf3 O-O 7. Be2 c5 8. Ne5
Nc6 9. Qd2 Ne4 10. Nxe4 dxe4 11. Nxc6 bxc6 12. c3 Qd5 13. c4 Qf5 14. dxc5 Qxc5
15. O-O a5 16. Rab1 Bf5 17. Rfd1 Ra7 18. Qc2 Rb7 19. Rd2 Ra8 20. Qd1 e5 21. Bh2
Bf6 22. g4 hxg4 23. Bxg4 Bxg4 24. Qxg4 Qxc4 25. Rbd1 Qe6 26. Qxe6 fxe6 27. Rd6
Rxb2 28. Rxe6 Rf8 29. Rdd6 Bg7 30. Rxg6 Rbxf2 31. Bg3 R2f6 32. Rxg7+ Kxg7 33.
Bxe5 Kg6 34. h5+ Kg5 35. Rxf6 Rxf6 36. Bxf6+ Kxf6 37. Kf2 c5 0-1

[Event "Konventum Weekend 2021"]
[Site "Elsinore"]
[Date "2021.07.24"]
[Round "3"]
[White "Olsson, William"]
[Black "Thorsbro, Peter"]
[Result "1/2-1/2"]
[WhiteElo "2221"]
[BlackElo "2233"]
[PlyCount "97"]
[EventDate "2021.07.23"]
[EventType "swiss"]
[EventRounds "5"]
[EventCountry "DEN"]

1. c4 e5 2. Nc3 Nc6 3. g3 Nf6 4. Bg2 Bc5 5. e3 a6 6. Nge2 d6 7. a3 O-O 8. O-O
Ba7 9. b4 Re8 10. d3 Ne7 11. a4 c6 12. Qc2 h6 13. Ba3 Be6 14. b5 Qd7 15. Qb2
Rac8 16. Rfc1 Bh3 17. Ne4 Nxe4 18. Bxe4 f5 19. Bh1 Ng6 20. b6 Bb8 21. Qd2 Qd8
22. a5 Qg5 23. f4 Qh5 24. Re1 Bg4 25. Nc3 Bf3 26. Bxf3 Qxf3 27. Qg2 Qxg2+ 28.
Kxg2 exf4 29. exf4 Kf7 30. d4 Ne7 31. Re3 Ng8 32. Rae1 Rxe3 33. Rxe3 Nf6 34.
Kf3 h5 35. h3 g6 36. Re1 Ng8 37. Rc1 d5 38. cxd5 cxd5 39. Nxd5 Rxc1 40. Bxc1
Ke6 41. Ne3 Bd6 42. Bd2 Ne7 43. g4 hxg4+ 44. hxg4 Nd5 45. gxf5+ gxf5 46. Nc4
Nf6 47. Ne3 Nd5 48. Nc4 Nf6 49. Ne3 1/2-1/2

[Event "Konventum Weekend 2021"]
[Site "Elsinore"]
[Date "2021.07.24"]
[Round "3"]
[White "Vasli, Aref"]
[Black "Thuesen, Mogens Henrik"]
[Result "1/2-1/2"]
[WhiteElo "2400"]
[BlackElo "2178"]
[PlyCount "71"]
[EventDate "2021.07.23"]
[EventType "swiss"]
[EventRounds "5"]
[EventCountry "DEN"]

1. Nf3 d5 2. c4 e6 3. e3 Nf6 4. Nc3 Be7 5. b3 O-O 6. Be2 c5 7. cxd5 Nxd5 8. Bb2
Nxc3 9. Bxc3 Nc6 10. O-O b6 11. Qc2 Bb7 12. Rfd1 Bf6 13. d4 cxd4 14. Nxd4 Nxd4
15. Bxd4 Rc8 16. Qb2 Bxd4 17. Rxd4 Qf6 18. Rc1 Rfd8 19. Rxc8 Rxc8 20. Qd2 g6
21. f3 Qe5 22. Bc4 Rc7 23. f4 Qf6 24. Rd8+ Kg7 25. Qd6 Qa1+ 26. Kf2 Qb2+ 27.
Qd2 Qxd2+ 28. Rxd2 Kf6 29. g4 h6 30. h4 g5 31. Kg3 Bc6 32. Rd8 Rd7 33. Rc8 Be4
34. Bb5 Rd2 35. hxg5+ hxg5 36. fxg5+ 1/2-1/2

[Event "Konventum Weekend 2021"]
[Site "Elsinore"]
[Date "2021.07.24"]
[Round "3"]
[White "Bank, Pelle Rodkjaer"]
[Black "Moe, Mogens"]
[Result "1/2-1/2"]
[WhiteElo "2320"]
[BlackElo "2118"]
[PlyCount "86"]
[EventDate "2021.07.23"]
[EventType "swiss"]
[EventRounds "5"]
[EventCountry "DEN"]

1. d4 Nf6 2. Bg5 c5 3. d5 Qb6 4. Nc3 Qxb2 5. Bd2 Qb6 6. e4 d6 7. f4 e5 8. Nf3
Nbd7 9. Rb1 Qd8 10. a4 Be7 11. Bc4 O-O 12. f5 Nb6 13. Bd3 c4 14. Be2 Bd7 15.
Ra1 a5 16. Be3 Nxa4 17. Nxa4 Bxa4 18. Rxa4 b5 19. Ra1 Nxe4 20. O-O Bf6 21. Qe1
Qc8 22. Rxa5 Qb7 23. Rxa8 Rxa8 24. Nd2 Nc3 25. g4 Nxe2+ 26. Qxe2 Qxd5 27. g5
Be7 28. f6 Bf8 29. fxg7 Bxg7 30. Qg4 Qe6 31. Qxe6 fxe6 32. Rb1 d5 33. Rxb5 Ra2
34. h4 Rxc2 35. Rb8+ Kf7 36. Rb7+ Kg8 37. h5 d4 38. h6 Bxh6 39. gxh6 dxe3 40.
Nf3 Rc1+ 41. Kg2 e2 42. Rg7+ Kf8 43. Kf2 Rh1 1/2-1/2

[Event "Konventum Weekend 2021"]
[Site "Elsinore"]
[Date "2021.07.24"]
[Round "3"]
[White "Rathlev, Jakob"]
[Black "Ramsdal, Jens Albert"]
[Result "1-0"]
[WhiteElo "2210"]
[BlackElo "2282"]
[PlyCount "113"]
[EventDate "2021.07.23"]
[EventType "swiss"]
[EventRounds "5"]
[EventCountry "DEN"]

1. Nf3 Nf6 2. d4 e6 3. e3 b6 4. Bd3 Bb7 5. O-O d5 6. Qe2 Bd6 7. Nbd2 Ne4 8. Ne5
O-O 9. f3 Nxd2 10. Bxd2 f6 11. Ng4 c5 12. c3 Nc6 13. f4 Qe7 14. Qf3 f5 15. Ne5
Bxe5 16. fxe5 a5 17. Qe2 a4 18. a3 Na5 19. Rad1 Nc4 20. Be1 Ba6 21. Bg3 Qb7 22.
Rf2 Na5 23. Bxa6 Qxa6 24. Qxa6 Rxa6 25. h4 Nc4 26. Bf4 Ra5 27. Rc1 Rb5 28. Rcc2
Rb3 29. Kf1 Ra8 30. Ke1 Kf7 31. h5 Rg8 32. Bg5 h6 33. Bf4 g5 34. hxg6+ Kxg6 35.
g3 h5 36. Rh2 Ra8 37. Kd1 Ra5 38. Kc1 Rab5 39. Rhg2 Nxa3 40. bxa3 Rb1+ 41. Kd2
c4 42. e4 dxe4 43. Ke3 Re1+ 44. Rge2 Rf1 45. Rf2 Rg1 46. Rfd2 Rb3 47. d5 exd5
48. Rxd5 Re1+ 49. Kd4 Kf7 50. Rd7+ Ke8 51. Rb7 Rb5 52. e6 e3 53. Bg5 Rd1+ 54.
Kxe3 Re1+ 55. Kf4 Rxe6 56. Rd2 Re4+ 57. Kf3 1-0

[Event "Konventum Weekend 2021"]
[Site "Elsinore"]
[Date "2021.07.24"]
[Round "3"]
[White "Bach, Matthias"]
[Black "Petersen, Peter Birk"]
[Result "1-0"]
[WhiteElo "2277"]
[BlackElo "2141"]
[PlyCount "69"]
[EventDate "2021.07.23"]
[EventType "swiss"]
[EventRounds "5"]
[EventCountry "DEN"]

1. d4 Nf6 2. c4 e6 3. Nc3 Bb4 4. Bg5 h6 5. Bh4 g5 6. Bg3 Ne4 7. Qc2 f5 8. Be5
Rg8 9. f3 Nxc3 10. bxc3 Be7 11. Bg3 c5 12. d5 Bf6 13. e3 Qe7 14. Bd3 exd5 15.
Bxf5 Nc6 16. Ne2 dxc4 17. Rd1 Ne5 18. O-O d6 19. Bxc8 Rxc8 20. Bxe5 Bxe5 21. f4
Bf6 22. Ng3 Rc6 23. Rf2 Kd7 24. Ne4 Kc8 25. Rd5 gxf4 26. exf4 Re8 27. Re2 Kb8
28. Qa4 Bg7 29. Qxc4 Bf8 30. Rf5 Rc7 31. Kf1 Qg7 32. Qd5 Rd7 33. Nxc5 dxc5 34.
Rxe8+ Kc7 35. Qe5+ 1-0

[Event "Konventum Weekend 2021"]
[Site "Elsinore"]
[Date "2021.07.24"]
[Round "3"]
[White "Fogh, Jens Olaf Svanholm"]
[Black "Jaksland, Tim"]
[Result "1/2-1/2"]
[WhiteElo "2124"]
[BlackElo "2215"]
[PlyCount "62"]
[EventDate "2021.07.23"]
[EventType "swiss"]
[EventRounds "5"]
[EventCountry "DEN"]

1. d4 Nf6 2. Nf3 e6 3. c4 d5 4. e3 b6 5. Be2 Bd6 6. Nc3 O-O 7. a3 Bb7 8. Qc2 a6
9. b4 dxc4 10. e4 Be7 11. Bxc4 Nbd7 12. Rb1 Re8 13. O-O Ra7 14. h3 h6 15. Rd1
Qa8 16. Re1 c5 17. bxc5 bxc5 18. Qe2 cxd4 19. Nxd4 Rc8 20. e5 Nd5 21. Nxd5 Bxd5
22. Bxd5 Qxd5 23. Nf3 Qc4 24. Be3 Qxe2 25. Rxe2 Rac7 26. a4 Rc4 27. Rb7 R4c7
28. Reb2 Bf8 29. h4 h5 30. g3 Ba3 31. R2b3 Bf8 1/2-1/2

[Event "Konventum Weekend 2021"]
[Site "Elsinore"]
[Date "2021.07.24"]
[Round "3"]
[White "Hansen, Lars"]
[Black "Olsen, Peter Erik"]
[Result "1-0"]
[WhiteElo "2159"]
[BlackElo "2221"]
[PlyCount "37"]
[EventDate "2021.07.23"]
[EventType "swiss"]
[EventRounds "5"]
[EventCountry "DEN"]

1. e4 c6 2. d4 d5 3. exd5 cxd5 4. c3 Nc6 5. Bd3 g6 6. Nf3 Nh6 7. O-O Bf5 8. Re1
Bxd3 9. Qxd3 Bg7 10. Bg5 Qd7 11. c4 O-O 12. cxd5 Qxd5 13. Nc3 Qd7 14. d5 Nf5
15. Qb5 h6 16. Bf4 Nb8 17. g4 Nd4 18. Nxd4 Bxd4 19. Bxb8 1-0

[Event "Konventum Weekend 2021"]
[Site "Elsinore"]
[Date "2021.07.24"]
[Round "3"]
[White "Kryger, Oksana"]
[Black "Hoiberg, Nina"]
[Result "1-0"]
[WhiteElo "2105"]
[BlackElo "2165"]
[PlyCount "63"]
[EventDate "2021.07.23"]
[EventType "swiss"]
[EventRounds "5"]
[EventCountry "DEN"]

1. d4 d6 2. Nf3 Nf6 3. g3 Nbd7 4. c4 e5 5. Bg2 c6 6. Nc3 Be7 7. O-O Qc7 8. e4
a6 9. a4 a5 10. h3 Nf8 11. Be3 Ng6 12. Nh2 h5 13. h4 Ng4 14. Nxg4 hxg4 15. f3
gxf3 16. Qxf3 Bf6 17. d5 Qe7 18. dxc6 bxc6 19. c5 dxc5 20. Qf2 Bg4 21. Bxc5 Qe6
22. Nd1 Nxh4 23. gxh4 Bxh4 24. Qe3 Rb8 25. Ra3 Qg6 26. Rb3 Rd8 27. Rb7 Rxd1 28.
Rxd1 Bc8 29. Rb8 Qe6 30. Rd6 Qg4 31. Qf3 Qxf3 32. Bxf3 1-0

[Event "Konventum Weekend 2021"]
[Site "Elsinore"]
[Date "2021.07.24"]
[Round "3"]
[White "Sigeman, Johan"]
[Black "Olsen, Claus"]
[Result "1-0"]
[WhiteElo "2146"]
[BlackElo "2054"]
[PlyCount "53"]
[EventDate "2021.07.23"]
[EventType "swiss"]
[EventRounds "5"]
[EventCountry "DEN"]

1. c4 f5 2. Nc3 Nf6 3. Nf3 g6 4. g3 Bg7 5. Bg2 O-O 6. O-O d6 7. d4 c6 8. Qd3
Qc7 9. e4 e5 10. Rd1 fxe4 11. Nxe4 Nxe4 12. Qxe4 Bf5 13. Qh4 Bf6 14. Bg5 Qe7
15. Bxf6 Rxf6 16. c5 exd4 17. cxd6 Qf8 18. Qxd4 Nd7 19. Rd2 Nb6 20. Ne5 Rd8 21.
d7 Be6 22. Re1 Qg7 23. a4 Nxd7 24. Ng4 Bxg4 25. Qxg4 Rff8 26. Red1 Ne5 27. Qe6+
1-0

[Event "Konventum Weekend 2021"]
[Site "Elsinore"]
[Date "2021.07.24"]
[Round "3"]
[White "Jorgensen, Dennis"]
[Black "Guindy, Esmat Susanne"]
[Result "1/2-1/2"]
[WhiteElo "2132"]
[BlackElo "2100"]
[PlyCount "53"]
[EventDate "2021.07.23"]
[EventType "swiss"]
[EventRounds "5"]
[EventCountry "DEN"]

1. d4 d5 2. Nf3 e6 3. g3 Nf6 4. Bg2 Be7 5. O-O b6 6. c4 c6 7. Bf4 O-O 8. Nc3
Bb7 9. Ne5 Nbd7 10. cxd5 cxd5 11. Rc1 Nxe5 12. Bxe5 Bd6 13. Bxd6 Qxd6 14. Qb3
Bc6 15. Rc2 Rfc8 16. Rfc1 Qd7 17. e3 Ne8 18. Bf1 Nd6 19. Ba6 Bb7 20. Bxb7 Qxb7
21. Nb5 Rxc2 22. Rxc2 Nxb5 23. Qxb5 Rc8 24. Qa4 g6 25. Kg2 a6 26. Qb3 Rc6 27.
Rxc6 1/2-1/2

[Event "Konventum Weekend 2021"]
[Site "Elsinore"]
[Date "2021.07.24"]
[Round "3"]
[White "Skjoldager, Per"]
[Black "Grubert, Christian"]
[Result "1/2-1/2"]
[WhiteElo "2103"]
[BlackElo "2130"]
[PlyCount "53"]
[EventDate "2021.07.23"]
[EventType "swiss"]
[EventRounds "5"]
[EventCountry "DEN"]

1. e4 c5 2. c3 g6 3. Nf3 Bg7 4. d4 cxd4 5. cxd4 d5 6. e5 Nc6 7. Be3 Bg4 8. Nbd2
Nh6 9. Bb5 O-O 10. Bxc6 bxc6 11. Nb3 Nf5 12. h3 Nxe3 13. fxe3 Bf5 14. O-O Qb6
15. Qd2 a5 16. Nc5 a4 17. Qc3 Rfb8 18. b3 axb3 19. axb3 Qb5 20. Ra4 Bh6 21. g4
Be4 22. g5 Rxa4 23. Nxa4 Bxf3 24. gxh6 Qe2 25. Rf2 Qd1+ 26. Rf1 Qe2 27. Rf2
1/2-1/2

[Event "Konventum Weekend 2021"]
[Site "Elsinore"]
[Date "2021.07.24"]
[Round "3"]
[White "Bergner, Philipp"]
[Black "Olsen, Michael Richard W"]
[Result "0-1"]
[WhiteElo "2083"]
[BlackElo "2107"]
[PlyCount "154"]
[EventDate "2021.07.23"]
[EventType "swiss"]
[EventRounds "5"]
[EventCountry "DEN"]

1. d4 d5 2. c4 c6 3. cxd5 cxd5 4. Nc3 Nf6 5. Bf4 a6 6. e3 Nc6 7. Be2 e6 8. Rc1
Be7 9. h3 Bd7 10. Nf3 b5 11. O-O O-O 12. Bd3 Nh5 13. Bh2 f5 14. Ne5 Nxe5 15.
Bxe5 Nf6 16. Qe2 b4 17. Nb1 Qb6 18. Rc2 Rfc8 19. Rfc1 Rxc2 20. Rxc2 Rc8 21.
Rxc8+ Bxc8 22. Nd2 Nd7 23. Bg3 Qc6 24. Nb3 Bd8 25. Bf4 Bb7 26. Kf1 h6 27. Ke1
Qc8 28. Qh5 Nf6 29. Qg6 Kh8 30. g4 Bc6 31. gxf5 Be8 32. Qg2 exf5 33. Be5 Bf7
34. Qf3 Ne4 35. Bxe4 dxe4 36. Qg3 Bg5 37. Nc5 Qc6 38. h4 Bf6 39. Bxf6 Qxf6 40.
b3 Kh7 41. Kd2 Bh5 42. Qf4 Bg4 43. Qg3 Qb6 44. Nxe4 Qa5 45. f3 Qxa2+ 46. Kc1
Qa1+ 47. Kc2 fxe4 48. Qxg4 Qc3+ 49. Kd1 Qxb3+ 50. Ke2 Qc2+ 51. Ke1 exf3 52.
Qxf3 b3 53. e4 Qb1+ 54. Kf2 Qb2+ 55. Kg3 Qxd4 56. Qf5+ g6 57. Qf7+ Qg7 58. Qxb3
Qc7+ 59. Kf3 h5 60. Qa4 Qb7 61. Kf4 Qc8 62. Ke3 Qh3+ 63. Kd4 Qxh4 64. Qxa6 Qf2+
65. Kd5 h4 66. Qb7+ Kh6 67. Qc8 Qd2+ 68. Ke5 Qg5+ 69. Kd6 Qg3+ 70. e5 h3 71.
Qh8+ Kg5 72. Qd8+ Kf5 73. Qc8+ Kg5 74. Qd8+ Kf4 75. e6 Qd3+ 76. Ke7 Qxd8+ 77.
Kxd8 h2 0-1

[Event "Konventum Weekend 2021"]
[Site "Elsinore"]
[Date "2021.07.25"]
[Round "4"]
[White "Brorsen, Jacob Abildlund"]
[Black "Hector, Jonny"]
[Result "0-1"]
[WhiteElo "2147"]
[BlackElo "2479"]
[PlyCount "122"]
[EventDate "2021.07.23"]
[EventType "swiss"]
[EventRounds "5"]
[EventCountry "DEN"]

1. c4 e5 2. Nc3 Bb4 3. Nd5 Ba5 4. b4 Bb6 5. Bb2 d6 6. Nf3 Nf6 7. Nxb6 axb6 8.
d4 e4 9. Nd2 d5 10. Qc2 c6 11. e3 O-O 12. Be2 b5 13. cxb5 Bd7 14. a4 cxb5 15.
axb5 Rxa1+ 16. Bxa1 Bg4 17. f3 Bh5 18. Kf2 Re8 19. Rc1 exf3 20. gxf3 Qe7 21.
Nf1 Nbd7 22. Qc7 b6 23. Bc3 g5 24. h3 Bg6 25. Bd2 Bf5 26. Qg3 Nh5 27. Qg2 Nf4
28. exf4 Qxe2+ 29. Kg1 Qd3 30. Kh1 Bg6 31. Qxg5 Qxf3+ 32. Qg2 Qxg2+ 33. Kxg2
Re2+ 34. Kg3 Be4 35. f5 f6 36. Bh6 Bxf5 37. Ne3 Be6 38. Rc7 Rd2 39. Nxd5 Rd3+
40. Ne3 Rxd4 41. Ng4 Rd3+ 42. Ne3 Kf7 43. h4 Rb3 44. Bf4 Rxb4 45. Rb7 Rxb5 46.
Bd6 Rb3 47. Kf4 Rd3 48. Bc7 Rd4+ 49. Kg3 Rb4 50. Bd6 Re4 51. Bf4 Kg6 52. Kf3
Rb4 53. Kg3 h5 54. Bd6 Rb3 55. Kf4 Rd3 56. Bc7 Rc3 57. Bd6 Rc6 58. Be7 Kf7 59.
Bb4 Rc1 60. Bd6 Rh1 61. Ng2 Rh2 0-1

[Event "Konventum Weekend 2021"]
[Site "Elsinore"]
[Date "2021.07.25"]
[Round "4"]
[White "Haubro, Martin"]
[Black "Fries Nielsen, Jens Ove"]
[Result "1/2-1/2"]
[WhiteElo "2407"]
[BlackElo "2359"]
[PlyCount "62"]
[EventDate "2021.07.23"]
[EventType "swiss"]
[EventRounds "5"]
[EventCountry "DEN"]

1. e4 e6 2. d4 d5 3. Nc3 Nf6 4. e5 Ng8 5. Be3 Ne7 6. Bd3 b6 7. Nce2 Ba6 8. Bxa6
Nxa6 9. c3 Qd7 10. Qd3 Nb8 11. g4 c5 12. dxc5 Ng6 13. f4 bxc5 14. Nf3 Nc6 15.
h4 h5 16. gxh5 Rxh5 17. Ng3 Rh8 18. h5 c4 19. Qc2 Nge7 20. b4 cxb3 21. axb3 Nf5
22. Nxf5 exf5 23. Kf2 Rc8 24. Qd3 Rh6 25. b4 a6 26. Rhd1 Nb8 27. b5 Qxb5 28.
Qxf5 Qd7 29. Qxd7+ Nxd7 30. Rxd5 Rxc3 31. f5 Bc5 1/2-1/2

[Event "Konventum Weekend 2021"]
[Site "Elsinore"]
[Date "2021.07.25"]
[Round "4"]
[White "Hagen, Andreas Skytte"]
[Black "Borge, Nikolaj"]
[Result "0-1"]
[WhiteElo "2370"]
[BlackElo "2357"]
[PlyCount "64"]
[EventDate "2021.07.23"]
[EventType "swiss"]
[EventRounds "5"]
[EventCountry "DEN"]

1. c4 c5 2. g3 g6 3. Bg2 Bg7 4. Nc3 Nc6 5. e4 d6 6. Nge2 Bd7 7. d3 a6 8. O-O
Rb8 9. a4 h5 10. h4 Nf6 11. Bg5 Nh7 12. Be3 Nd4 13. Rb1 b5 14. cxb5 axb5 15.
Bxd4 cxd4 16. Nxb5 Bxb5 17. axb5 O-O 18. e5 Bxe5 19. Bc6 Bg7 20. Ra1 Qb6 21. b4
e6 22. Nc1 Nf6 23. Ra6 Qd8 24. Qa4 Ng4 25. Nb3 g5 26. hxg5 Qxg5 27. Qa2 h4 28.
f4 Qg6 29. Rf3 Ne3 30. Qe2 hxg3 31. Nd2 Qh5 32. Nf1 Nxf1 0-1

[Event "Konventum Weekend 2021"]
[Site "Elsinore"]
[Date "2021.07.25"]
[Round "4"]
[White "Olsson, William"]
[Black "Bach, Matthias"]
[Result "1-0"]
[WhiteElo "2221"]
[BlackElo "2277"]
[PlyCount "129"]
[EventDate "2021.07.23"]
[EventType "swiss"]
[EventRounds "5"]
[EventCountry "DEN"]

1. c4 b6 2. e4 Bb7 3. Nc3 e6 4. g3 f5 5. Bg2 Nf6 6. f3 Bb4 7. Nge2 fxe4 8. fxe4
e5 9. a3 Be7 10. h3 a5 11. O-O Na6 12. d4 d6 13. Rb1 O-O 14. d5 Nb8 15. b4 Nbd7
16. Be3 Ba6 17. Qb3 Qe8 18. g4 Rf7 19. Ng3 Kh8 20. Rbc1 axb4 21. axb4 Nf8 22.
Nb1 Bc8 23. c5 bxc5 24. bxc5 Ba6 25. Rf2 Ng8 26. Nf5 Ng6 27. Ra2 Nf4 28. Bxf4
exf4 29. cxd6 Bxd6 30. Nd2 Rb8 31. Nxd6 cxd6 32. Qa3 Be2 33. Bf3 Bxf3 34. Qxf3
Nf6 35. Rf1 Nd7 36. Qc3 Nc5 37. Qd4 Nb3 38. Qc4 Nxd2 39. Rxd2 Qe5 40. Rf3 Qa1+
41. Kg2 h6 42. Qc3 Qe1 43. Rd4 Qe2+ 44. Rf2 f3+ 45. Kg3 Rb1 46. Qd2 Rg1+ 47.
Kh2 Re1 48. Kg3 Rg1+ 49. Kh2 Re1 50. Kg3 Qxd2 51. Rdxd2 Rxe4 52. Rxf3 Rxf3+ 53.
Kxf3 Re5 54. h4 g6 55. Rd1 Kg7 56. Rd4 Kf6 57. Rf4+ Kg7 58. Rd4 g5 59. hxg5
hxg5 60. Rd3 Kf6 61. Rd4 Re1 62. Re4 Rxe4 63. Kxe4 Kg6 64. Kd3 Kf6 65. Kd4 1-0